000 00595nam a22002177a 4500
999 _c5835
_d5835
003 AR-CdUCM
008 190313b ||||| |||| 00| 0 spa d
040 _aMUNICIPALIDAD PROVINCIAL DEL CUSCO
_cBIBLIOTECA MUNICIPAL DEL CUSCO
082 _a869.56 /
_bT48
100 _aThorne, Lola
_917277
245 _aCuentos para Puck /
260 _aLima :
_bSan Marcos,
_c1952.
300 _a67 paginas ;
_c21cm.
500 _aPoemas
650 _aPoesias Peruanas
_92190
650 _aSiglo XX
_98
650 _aLiteratura
_983
650 _aRomanticismo
_9518
942 _2ddc
_cLIBROS
945 _apjha